[Event "Atlantic European subzonal 1B (w)"]
[Site "Amsterdam NED"]
[Date "1985.05.07"]
[Round "1"]
[White "Dubois, Martine"]
[Black "Belle, Erika"]
[Result "0-1"]
[WhiteElo "1975"]
[BlackElo "2055"]
[PlyCount "136"]
[EventDate "1985.05.07"]

1. e4 c5 2. c3 g6 3. d4 cxd4 4. cxd4 Bg7 5. Nc3 d6 6. Be3 Nf6 7. e5 dxe5 8.
dxe5 Nfd7 9. e6 fxe6 10. Qb3 O-O 11. Nf3 Nf6 12. Bc4 Nc6 13. Bxe6+ Bxe6 14.
Qxe6+ Kh8 15. O-O Qc8 16. Ng5 h6 17. Qxc8 Rfxc8 18. Ne6 Nd8 19. Nxg7 Kxg7 20.
Rfe1 Nc6 21. Rad1 Rd8 22. f3 Rac8 23. Rxd8 Rxd8 24. Rd1 Rxd1+ 25. Nxd1 Nd5 26.
Kf2 h5 27. a3 a6 28. Ke2 Kf6 29. Nf2 Ke5 30. Nd3+ Kd6 31. Bf2 b6 32. h3 e5 33.
Bg1 Ke6 34. g3 Na5 35. Kd2 Nc4+ 36. Ke2 Nd6 37. Nf2 Nc4 38. Nd3 Kd6 39. Bf2 Ke6
40. Bg1 Kf6 41. Bf2 b5 42. Ke1 a5 43. Ke2 a4 44. Ke1 Nc7 45. f4 e4 46. Bd4+ Kf5
47. Ne5 Nxe5 48. Bxe5 Nd5 49. Kf2 g5 50. g4+ hxg4 51. hxg4+ Kxg4 52. fxg5 Kxg5
53. Bd4 Kf4 54. Ke2 Ne7 55. Kd2 Kf3 56. Kc3 Nd5+ 57. Kc2 e3 58. Bxe3 Kxe3 59.
b3 Ke2 60. bxa4 bxa4 61. Kb2 Kd2 62. Kb1 Kc3 63. Ka2 Ne3 64. Kb1 Kb3 65. Ka1
Kxa3 66. Kb1 Kb3 67. Ka1 a3 68. Kb1 a2+ 0-1

[Event "Atlantic European subzonal 1B (w)"]
[Site "Amsterdam NED"]
[Date "1985.05.07"]
[Round "1"]
[White "Harmsen, Jessica"]
[Black "Van Parreren, Hanneke"]
[Result "0-1"]
[WhiteElo "1990"]
[BlackElo "2020"]
[PlyCount "56"]
[EventDate "1985.05.07"]

1. f4 d5 2. Nf3 Nf6 3. e3 g6 4. b3 Bg7 5. Bb2 O-O 6. Bd3 c5 7. O-O Nc6 8. a3 b6
9. Ne5 Bb7 10. Nxc6 Bxc6 11. Be5 Qd7 12. Be2 d4 13. exd4 cxd4 14. Bxf6 Bxf6 15.
d3 e5 16. fxe5 Bxe5 17. Bf3 Bxf3 18. Rxf3 Qc7 19. g3 Rac8 20. Ra2 h5 21. Rf2
Rfe8 22. Nd2 h4 23. gxh4 Bxh2+ 24. Kf1 Bg3 25. Ne4 Bxf2 26. Nf6+ Kg7 27. Nxe8+
Rxe8 28. Kxf2 Qh2+ 0-1

[Event "Atlantic European subzonal 1B (w)"]
[Site "Amsterdam NED"]
[Date "1985.05.07"]
[Round "1"]
[White "Peeters, Simonne"]
[Black "De Greef, Heleen"]
[Result "0-1"]
[WhiteElo "1905"]
[BlackElo "2045"]
[PlyCount "38"]
[EventDate "1985.05.07"]

1. c4 Nf6 2. g3 g6 3. Bg2 d5 4. Nc3 dxc4 5. Qa4+ c6 6. Qxc4 Bg7 7. d4 Nbd7 8.
Bxc6 bxc6 9. Qxc6 Rb8 10. Bf4 Bb7 11. Qa4 Bxh1 12. Nb5 O-O 13. Bxb8 Qxb8 14. f3
Qb6 15. Rb1 Bh6 16. Kf2 Ng4+ 17. Ke1 Be3 18. Nc3 Ngf6 19. Kf1 Bxd4 0-1

[Event "Atlantic European subzonal 1B (w)"]
[Site "Amsterdam NED"]
[Date "1985.05.08"]
[Round "2"]
[White "Belle, Erika"]
[Black "Harmsen, Jessica"]
[Result "1-0"]
[WhiteElo "2055"]
[BlackElo "1990"]
[PlyCount "47"]
[EventDate "1985.05.07"]

1. e4 e6 2. d4 d5 3. Nc3 Bb4 4. e5 Qd7 5. a3 Bf8 6. f4 b6 7. Nf3 c6 8. Be2 Ba6
9. O-O Ne7 10. Be3 Nf5 11. Bf2 h5 12. g3 f6 13. Re1 Kf7 14. Bd3 Bxd3 15. Qxd3
c5 16. exf6 gxf6 17. Re2 Nc6 18. dxc5 bxc5 19. b3 Rg8 20. Rae1 Ng7 21. Nh4 f5
22. Rxe6 Nxe6 23. Qxf5+ Ke7 24. Nxd5+ 1-0

[Event "Atlantic European subzonal 1B (w)"]
[Site "Amsterdam NED"]
[Date "1985.05.08"]
[Round "2"]
[White "De Greef, Heleen"]
[Black "Dubois, Martine"]
[Result "1-0"]
[WhiteElo "2045"]
[BlackElo "1975"]
[PlyCount "76"]
[EventDate "1985.05.07"]

1. e4 Nf6 2. Nc3 d5 3. e5 Nfd7 4. d4 e6 5. f4 c5 6. Nf3 Nc6 7. Be3 cxd4 8. Nxd4
Bc5 9. Qd2 Nxd4 10. Bxd4 a6 11. Be2 b5 12. a3 Bxd4 13. Qxd4 Qb6 14. Qxb6 Nxb6
15. Bd3 Bd7 16. Kf2 O-O 17. g3 Rac8 18. Ne2 f6 19. exf6 gxf6 20. Rhe1 e5 21. c3
Nc4 22. Rab1 Nd6 23. Kg1 Kh8 24. Rbd1 Bg4 25. Bb1 exf4 26. Rxd5 Nc4 27. Nxf4
Rce8 28. Rc1 Nxb2 29. h3 Bc8 30. Rh5 Kg8 31. Bxh7+ Kg7 32. Bg6 Re3 33. Kf2 Rxc3
34. Rh7+ Kg8 35. Rxc3 Nd1+ 36. Kg2 Nxc3 37. Rc7 Rd8 38. Bh7+ Kf8 1-0

[Event "Atlantic European subzonal 1B (w)"]
[Site "Amsterdam NED"]
[Date "1985.05.08"]
[Round "2"]
[White "Lebel-Arias, Julia"]
[Black "Van Parreren, Hanneke"]
[Result "1-0"]
[WhiteElo "1970"]
[BlackElo "2020"]
[PlyCount "96"]
[EventDate "1985.05.07"]

1. b4 e5 2. a3 d5 3. Bb2 Nd7 4. e3 Ngf6 5. c4 c6 6. Qb3 Bd6 7. d3 O-O 8. Nd2
Re8 9. Be2 e4 10. d4 Nf8 11. a4 a6 12. a5 dxc4 13. Bxc4 Qe7 14. Ne2 Be6 15. Ba3
Bd5 16. Nc3 Qe6 17. h3 Ng6 18. Bxd5 cxd5 19. b5 Bxa3 20. Rxa3 axb5 21. Nxb5
Rec8 22. O-O Ne7 23. Nc3 Qa6 24. Rb1 Rc7 25. Nb5 Rc6 26. Qb4 Nc8 27. Qb2 h6 28.
Qb3 Rb8 29. Nc3 Qd3 30. Qb2 Qa6 31. Nb3 Nd6 32. Nc5 Rxc5 33. dxc5 Nc4 34. Qa2
Nxa3 35. Qxa3 Ra8 36. Rb5 Rd8 37. Qb4 Rd7 38. Ne2 Rc7 39. Nd4 Nd7 40. Nf5 Ne5
41. Rb6 Qe2 42. Rxb7 Nd3 43. Qc3 Qxf2+ 44. Kh2 Qxf5 45. Rxc7 Qf2 46. a6 Ne1 47.
Qxe1 Qxe1 48. a7 Qxe3 1-0

[Event "Atlantic European subzonal 1B (w)"]
[Site "Amsterdam NED"]
[Date "1985.05.09"]
[Round "3"]
[White "Harmsen, Jessica"]
[Black "De Greef, Heleen"]
[Result "1-0"]
[WhiteElo "1990"]
[BlackElo "2045"]
[PlyCount "80"]
[EventDate "1985.05.07"]

1. f4 d5 2. Nf3 g6 3. g3 Bg7 4. Bg2 c5 5. O-O Nc6 6. d3 e6 7. e4 Nge7 8. Nc3 b6
9. e5 a6 10. Ne2 O-O 11. c3 Ra7 12. d4 cxd4 13. Nexd4 Na5 14. Qe1 Bd7 15. g4
Nec6 16. Be3 Nc4 17. Rb1 Nxe3 18. Qxe3 Nxd4 19. Nxd4 Re8 20. Rf3 f6 21. Bf1
fxe5 22. fxe5 Qc7 23. Re1 Bc8 24. Bd3 Rf8 25. Rg3 Rf7 26. h4 Bf8 27. Re2 Rg7
28. g5 Qd7 29. Rf2 Qa4 30. Rgf3 Raf7 31. b3 Qe8 32. Rf6 b5 33. b4 Rc7 34. Rxf8+
Qxf8 35. Rxf8+ Kxf8 36. Be2 Rgf7 37. Kg2 Ke7 38. Nb3 Bb7 39. Qd4 Rc8 40. Nc5
Bc6 1-0

[Event "Atlantic European subzonal 1B (w)"]
[Site "Amsterdam NED"]
[Date "1985.05.09"]
[Round "3"]
[White "Peeters, Simonne"]
[Black "Lebel-Arias, Julia"]
[Result "0-1"]
[WhiteElo "1905"]
[BlackElo "1970"]
[PlyCount "108"]
[EventDate "1985.05.07"]

1. c4 g6 2. g3 Bg7 3. Bg2 c6 4. Nc3 f5 5. d3 Nf6 6. Bf4 O-O 7. Qd2 Re8 8. Nf3
d6 9. d4 e6 10. O-O Qe7 11. Rad1 Nbd7 12. b4 e5 13. Bh6 e4 14. Bxg7 Kxg7 15.
Ng5 d5 16. c5 Ng4 17. Qf4 Ndf6 18. Nh3 Nh5 19. Qg5 Qxg5 20. Nxg5 h6 21. Nh3 g5
22. e3 Bd7 23. Rb1 a6 24. a4 Rf8 25. Rfe1 f4 26. exf4 gxf4 27. f3 exf3 28. Bxf3
fxg3 29. Re7+ Kg6 30. Kg2 Rxf3 31. Kxf3 Nxh2+ 32. Kg2 Bg4 33. Rbe1 Nf3 34.
R1e6+ Bxe6 35. Rxe6+ Kf5 36. Rxh6 Nh4+ 37. Kf1 Kg4 38. Ng1 Rf8+ 39. Ke1 g2 40.
Nge2 Rf1+ 41. Kd2 Ng3 42. Rh7 Nxe2 43. Rg7+ Kf5 44. Nxe2 g1=Q 45. Nxg1 Rxg1 46.
Rxb7 Ke4 47. Rb6 Nf3+ 48. Kc3 Nxd4 49. Rxa6 Rg2 50. b5 Rc2+ 51. Kb4 Rc4+ 52.
Ka5 cxb5 53. axb5 Rxc5 54. Rb6 Rxb5+ 0-1

[Event "Atlantic European subzonal 1B (w)"]
[Site "Amsterdam NED"]
[Date "1985.05.09"]
[Round "3"]
[White "Van Parreren, Hanneke"]
[Black "Belle, Erika"]
[Result "1-0"]
[WhiteElo "2020"]
[BlackElo "2055"]
[PlyCount "80"]
[EventDate "1985.05.07"]

1. f4 d5 2. Nf3 Nf6 3. g3 c5 4. Bg2 Nc6 5. O-O e6 6. d3 Be7 7. Qe1 d4 8. Na3
O-O 9. c3 Rb8 10. Nc2 dxc3 11. bxc3 b6 12. Ne5 Nxe5 13. fxe5 Nd7 14. d4 cxd4
15. cxd4 Bb7 16. e4 Rc8 17. Rf2 Qc7 18. Bb2 b5 19. Rc1 Qb6 20. Ne3 Rxc1 21.
Qxc1 a5 22. Rc2 Bg5 23. Re2 Ba6 24. Re1 f6 25. exf6 Bxf6 26. Qd2 b4 27. Ng4 Be7
28. Kh1 Bb7 29. d5 exd5 30. exd5 Qd8 31. Qd4 Bf6 32. Nxf6+ Nxf6 33. d6 Bxg2+
34. Kxg2 Qa8+ 35. Kg1 Qf3 36. Re7 Qf5 37. Qc4+ Kh8 38. Kg2 Qb1 39. Bxf6 gxf6
40. d7 Qd1 1-0

[Event "Atlantic European subzonal 1B (w)"]
[Site "Amsterdam NED"]
[Date "1985.05.10"]
[Round "4"]
[White "De Greef, Heleen"]
[Black "Van Parreren, Hanneke"]
[Result "1-0"]
[WhiteElo "2045"]
[BlackElo "2020"]
[PlyCount "39"]
[EventDate "1985.05.07"]

1. e4 d6 2. d4 Nf6 3. Nc3 g6 4. Nf3 Bg7 5. Bf4 O-O 6. Qd2 Bg4 7. Be2 Nc6 8. d5
Nb4 9. a3 Na6 10. h3 Bd7 11. Nh2 Nc5 12. Bf3 c6 13. Bh6 Qc7 14. h4 cxd5 15.
exd5 Bf5 16. Bxg7 Kxg7 17. g4 Bd7 18. h5 Na4 19. g5 Nxh5 20. Nxa4 1-0

[Event "Atlantic European subzonal 1B (w)"]
[Site "Amsterdam NED"]
[Date "1985.05.10"]
[Round "4"]
[White "Lebel-Arias, Julia"]
[Black "Belle, Erika"]
[Result "0-1"]
[WhiteElo "1970"]
[BlackElo "2055"]
[PlyCount "104"]
[EventDate "1985.05.07"]

1. f4 Nf6 2. Nf3 d6 3. g3 g6 4. Bg2 Bg7 5. d3 c5 6. c3 Nc6 7. O-O O-O 8. a4 Bd7
9. e4 Qc8 10. Qe2 Ne8 11. Nbd2 b6 12. Nc4 Rb8 13. Ne3 Nc7 14. Nd2 a6 15. g4 b5
16. axb5 axb5 17. f5 b4 18. c4 h6 19. Nf3 Nd4 20. Nxd4 Bxd4 21. Kh1 Bg7 22. Ra7
Ra8 23. Rxa8 Qxa8 24. e5 Qd8 25. exd6 exd6 26. Nd5 Nxd5 27. Bxd5 g5 28. Qf3 Bf6
29. Qg3 Be5 30. Qh3 Qf6 31. b3 Bc3 32. Be3 Kg7 33. Rf3 Re8 34. Qh5 Rh8 35. Rh3
Kf8 36. Bxg5 hxg5 37. Qxh8+ Qxh8 38. Rxh8+ Bxh8 39. Kg2 Bd4 40. Kg3 Ke7 41. h4
gxh4+ 42. Kxh4 Be3 43. Kg3 Kf6 44. Kf3 Bd4 45. Kf4 Be5+ 46. Kf3 Be8 47. Be4 Kg5
48. Bd5 Bd4 49. Kg3 Ba4 50. Bxf7 Bxb3 51. Be8 Bc2 52. Kf3 Bxd3 0-1

[Event "Atlantic European subzonal 1B (w)"]
[Site "Amsterdam NED"]
[Date "1985.05.10"]
[Round "4"]
[White "Peeters, Simonne"]
[Black "Dubois, Martine"]
[Result "0-1"]
[WhiteElo "1905"]
[BlackElo "1975"]
[PlyCount "60"]
[EventDate "1985.05.07"]

1. c4 e5 2. Nc3 f5 3. d3 c6 4. Nf3 Qe7 5. g3 Nf6 6. Bg2 g6 7. O-O Bg7 8. Qc2
O-O 9. Rd1 d6 10. b4 e4 11. dxe4 fxe4 12. Nd4 Qf7 13. Bf4 d5 14. cxd5 cxd5 15.
Ncb5 Na6 16. Nd6 Qd7 17. Qb3 Nc7 18. Nxe4 Nxe4 19. Bxe4 Rxf4 20. gxf4 Qg4+ 21.
Bg2 Qxf4 22. Bxd5+ Kh8 23. e4 Nxd5 24. Qxd5 Be5 25. Qd8+ Kg7 26. Qe7+ Kh6 27.
Rac1 Bh3 28. Nf5+ gxf5 29. Qe6+ Kg5 30. Qe7+ Bf6 0-1

[Event "Atlantic European subzonal 1B (w)"]
[Site "Amsterdam NED"]
[Date "1985.05.12"]
[Round "5"]
[White "Belle, Erika"]
[Black "De Greef, Heleen"]
[Result "0-1"]
[WhiteElo "2055"]
[BlackElo "2045"]
[PlyCount "96"]
[EventDate "1985.05.07"]

1. e4 e6 2. d4 d5 3. Nc3 Bb4 4. e5 c5 5. a3 Bxc3+ 6. bxc3 Qc7 7. Nf3 Ne7 8. Be2
b6 9. O-O Ba6 10. Bd3 Bxd3 11. Qxd3 h6 12. Be3 cxd4 13. cxd4 O-O 14. Bd2 Rc8
15. Rfc1 Qc4 16. Bb4 Qxd3 17. cxd3 Nbc6 18. Bxe7 Nxe7 19. Kf1 Rxc1+ 20. Rxc1
Rc8 21. Rxc8+ Nxc8 22. Ke2 Kf8 23. Kd2 Ne7 24. Kc3 Nc6 25. Nd2 g5 26. Nf3 g4
27. Nd2 Kg7 28. f3 h5 29. fxg4 hxg4 30. Nf1 Kg6 31. g3 Kg5 32. Ne3 b5 33. Nc2
a5 34. Kd2 b4 35. axb4 axb4 36. Ke3 b3 37. Na3 Kf5 38. Nb1 Kg5 39. Na3 b2 40.
Nb1 Kf5 41. Na3 Na7 42. Nb1 Nb5 43. Kd2 Nxd4 44. Kc3 Nf3 45. Kxb2 Nxh2 46. Nd2
Nf3 47. Nf1 Kxe5 48. Kc3 f5 0-1

[Event "Atlantic European subzonal 1B (w)"]
[Site "Amsterdam NED"]
[Date "1985.05.12"]
[Round "5"]
[White "Dubois, Martine"]
[Black "Lebel-Arias, Julia"]
[Result "1/2-1/2"]
[WhiteElo "1975"]
[BlackElo "1970"]
[PlyCount "78"]
[EventDate "1985.05.07"]

1. e4 g6 2. d4 Bg7 3. Nc3 c6 4. Be3 b5 5. Qd2 d6 6. f3 Nd7 7. h4 h5 8. Nh3 Nb6
9. Qf2 Nc4 10. Bxc4 bxc4 11. Nd1 d5 12. c3 Nh6 13. Ng5 Qc7 14. e5 f6 15. exf6
exf6 16. Nh3 Bf5 17. Qd2 Kf7 18. Nhf2 Rae8 19. Kf1 Re7 20. Bf4 Qc8 21. Ne3 Rhe8
22. g3 Ng8 23. Kg2 Bd7 24. Rhe1 Re6 25. g4 hxg4 26. fxg4 Bf8 27. g5 f5 28. h5
gxh5 29. Qd1 Rg6 30. Qxh5 Nf6 31. Qh2 Bg7 32. Rh1 Rh8 33. Qg3 Nh5 34. Qf3 Nxf4+
35. Qxf4 Bf6 36. Rxh8 Qxh8 37. Rh1 Qd8 38. Nh3 Bxg5 39. Nxg5+ Qxg5+ 1/2-1/2

[Event "Atlantic European subzonal 1B (w)"]
[Site "Amsterdam NED"]
[Date "1985.05.12"]
[Round "5"]
[White "Harmsen, Jessica"]
[Black "Peeters, Simonne"]
[Result "0-1"]
[WhiteElo "1990"]
[BlackElo "1905"]
[PlyCount "81"]
[EventDate "1985.05.07"]

1. e4 d6 2. d4 Nf6 3. Nc3 g6 4. h3 Bg7 5. Nf3 c6 6. a4 O-O 7. Be3 Nbd7 8. Bc4
Nxe4 9. Nxe4 d5 10. Bd3 dxe4 11. Bxe4 Nf6 12. Bd3 Nd5 13. O-O Nxe3 14. fxe3 Bh6
15. Qe2 Qd6 16. c3 Be6 17. Nd2 Qd5 18. e4 Qg5 19. Nf3 Qg3 20. Qf2 Qd6 21. b4 a5
22. b5 Bb3 23. Qb2 Be6 24. bxc6 bxc6 25. Qe2 Rab8 26. Bc4 Bxc4 27. Qxc4 Be3+
28. Kh1 c5 29. e5 Qc7 30. e6 f6 31. d5 Qg3 32. Qe2 Bf4 33. Qf2 Rfd8 34. Qxg3
Bxg3 35. c4 Rb4 36. Rfc1 Rdb8 37. Nd2 Bf4 38. Ne4 Bxc1 39. Rxc1 Rb1 40. Rxb1
Rxb1+ 41. Kh2 0-1

[Event "Atlantic European subzonal 1B (w)"]
[Site "Amsterdam NED"]
[Date "1985.05.13"]
[Round "6"]
[White "Dubois, Martine"]
[Black "Harmsen, Jessica"]
[Result "0-1"]
[WhiteElo "1975"]
[BlackElo "1990"]
[PlyCount "60"]
[EventDate "1985.05.07"]

1. e4 e6 2. d4 d5 3. Nc3 Bb4 4. e5 Qd7 5. a3 Bxc3+ 6. bxc3 b6 7. Nh3 Nc6 8. Bb5
a6 9. Bd3 Bb7 10. O-O Nge7 11. Qe2 Na5 12. f4 g6 13. Nf2 h5 14. g4 Qc6 15. Bd2
hxg4 16. Nxg4 O-O-O 17. Bxa6 Nc4 18. Bxb7+ Kxb7 19. Nf2 Qa4 20. Ra2 Nf5 21. Nd3
Rh3 22. Rb1 Kc8 23. Ne1 Rdh8 24. Rb4 Qc6 25. Nf3 Rxf3 26. Qxf3 Nxd2 27. Qe2
Qxc3 28. Qd3 Nf3+ 29. Kf2 Rxh2+ 30. Kxf3 Rh3+ 0-1

[Event "Atlantic European subzonal 1B (w)"]
[Site "Amsterdam NED"]
[Date "1985.05.13"]
[Round "6"]
[White "Lebel-Arias, Julia"]
[Black "De Greef, Heleen"]
[Result "1-0"]
[WhiteElo "1970"]
[BlackElo "2045"]
[PlyCount "77"]
[EventDate "1985.05.07"]

1. d4 Nf6 2. e3 g6 3. Bd3 d5 4. Nd2 Bg7 5. f4 b6 6. Qe2 c5 7. c3 e6 8. Ngf3 O-O
9. Ne5 Bb7 10. Qf3 Qc7 11. g4 Ne8 12. g5 f6 13. gxf6 Nxf6 14. h4 Nc6 15. Qh3
Rae8 16. Ndf3 Nxe5 17. Nxe5 Ne4 18. Bxe4 dxe4 19. h5 Bxe5 20. dxe5 gxh5 21.
Qxh5 Qf7 22. Qh2 Kh8 23. Bd2 Rg8 24. O-O-O Rd8 25. Qh4 Rd7 26. Rh2 Rg7 27. Rdh1
Qg8 28. Qf6 Rdf7 29. Rxh7+ Qxh7 30. Rxh7+ Kxh7 31. Qxe6 Ba6 32. c4 Rf8 33. Qh3+
Kg8 34. b3 Bc8 35. e6 Rd8 36. Bc3 Rh7 37. Qg2+ Kf8 38. Qxe4 Re7 39. Qf5+ 1-0

[Event "Atlantic European subzonal 1B (w)"]
[Site "Amsterdam NED"]
[Date "1985.05.13"]
[Round "6"]
[White "Peeters, Simonne"]
[Black "Van Parreren, Hanneke"]
[Result "0-1"]
[WhiteElo "1905"]
[BlackElo "2020"]
[PlyCount "84"]
[EventDate "1985.05.07"]

1. c4 f5 2. g3 Nf6 3. Bg2 g6 4. Nc3 Bg7 5. d4 d6 6. Nh3 O-O 7. O-O e5 8. Bg5 c6
9. d5 c5 10. Qc1 Na6 11. e4 Bd7 12. f3 Nc7 13. a4 Qe7 14. Nf2 Qf7 15. Bh6 Nh5
16. Bxg7 Qxg7 17. Nd3 a5 18. f4 exf4 19. Nxf4 Qd4+ 20. Kh1 Nf6 21. Nce2 Qe5 22.
Nd3 Qe7 23. e5 dxe5 24. Qe3 Na6 25. Qxe5 Rae8 26. Qxe7 Rxe7 27. Nef4 Ne4 28.
Rae1 Rfe8 29. Bxe4 Rxe4 30. b3 Kf7 31. Kg2 g5 32. Ne6 Rxe1 33. Rxe1 Bxe6 34.
dxe6+ Rxe6 35. Rxe6 Kxe6 36. Kf3 b6 37. Ke3 Nb4 38. Ne1 Nc6 39. Nd3 Ne5 40. Ne1
Ng4+ 41. Ke2 Nxh2 42. Ng2 Ng4 0-1

[Event "Atlantic European subzonal 1B (w)"]
[Site "Amsterdam NED"]
[Date "1985.05.14"]
[Round "7"]
[White "Belle, Erika"]
[Black "Peeters, Simonne"]
[Result "1-0"]
[WhiteElo "2055"]
[BlackElo "1905"]
[PlyCount "55"]
[EventDate "1985.05.07"]

1. e4 d6 2. d4 Nf6 3. Nc3 g6 4. Nf3 Bg7 5. Be2 O-O 6. O-O Nc6 7. d5 Nb8 8. Bc4
c6 9. a4 Nbd7 10. h3 cxd5 11. exd5 Nc5 12. Ra3 a5 13. Be3 Bd7 14. Bxc5 dxc5 15.
Re1 Rc8 16. Qe2 Re8 17. Nb5 Bf5 18. Rd1 Ne4 19. g4 Kh8 20. gxf5 gxf5 21. Rad3
Rg8 22. Kh1 Bf6 23. Nd2 Nd6 24. Nxd6 Qxd6 25. Rf3 Be5 26. Rxf5 Bh2 27. Ne4 Qg6
28. Rg5 1-0

[Event "Atlantic European subzonal 1B (w)"]
[Site "Amsterdam NED"]
[Date "1985.05.14"]
[Round "7"]
[White "Harmsen, Jessica"]
[Black "Lebel-Arias, Julia"]
[Result "0-1"]
[WhiteElo "1990"]
[BlackElo "1970"]
[PlyCount "126"]
[EventDate "1985.05.07"]

1. e4 g6 2. d4 Bg7 3. Nc3 c6 4. f4 d5 5. e5 h5 6. Nf3 Nh6 7. g3 Bg4 8. Bg2 e6
9. Be3 Nf5 10. Qd2 h4 11. Nxh4 Nxh4 12. gxh4 Qxh4+ 13. Bf2 Qh5 14. Qe3 Nd7 15.
h3 Bf5 16. Bf3 Qh6 17. O-O-O Nb6 18. b3 Bf8 19. h4 Ba3+ 20. Kd2 O-O-O 21. Nb1
Bb4+ 22. c3 Be7 23. Ke2 Rh7 24. Nd2 Rdh8 25. a4 Qf8 26. h5 gxh5 27. a5 Nd7 28.
a6 b6 29. c4 Kb8 30. cxd5 cxd5 31. Rc1 Bb4 32. Rc6 Qe8 33. Rhc1 Nc5 34. Rxb6+
axb6 35. dxc5 Qb5+ 36. Kd1 bxc5 37. Be2 Qa5 38. Nf3 d4 39. Nxd4 cxd4 40. Qf3
Qd5 41. Qxd5 exd5 42. Bxd4 Rg8 43. a7+ Kb7 44. Ra1 Bg4 45. Ra4 Bxe2+ 46. Kxe2
Be7 47. f5 Rc8 48. Ra5 h4 49. Rxd5 Kc6 50. Ra5 h3 51. Ra1 Kd5 52. f6 Bb4 53. e6
fxe6 54. a8=Q+ Rxa8 55. Rxa8 h2 56. f7 Kxd4 57. Ra4 Rxf7 58. Rxb4+ Kc3 59. Rh4
Ra7 60. Kf2 Ra2+ 61. Kg3 Kxb3 62. Rh8 Kc4 63. Rd8 h1=Q 0-1

[Event "Atlantic European subzonal 1B (w)"]
[Site "Amsterdam NED"]
[Date "1985.05.14"]
[Round "7"]
[White "Van Parreren, Hanneke"]
[Black "Dubois, Martine"]
[Result "1-0"]
[WhiteElo "2020"]
[BlackElo "1975"]
[PlyCount "54"]
[EventDate "1985.05.07"]

1. e4 Nf6 2. e5 Nd5 3. d4 d6 4. Nf3 g6 5. Bc4 c6 6. O-O Bg7 7. Re1 O-O 8. Bb3
Bg4 9. h3 Bxf3 10. Qxf3 dxe5 11. dxe5 Qa5 12. Bd2 Qc7 13. Bxd5 cxd5 14. Qxd5
Nc6 15. Bc3 Rfd8 16. Qe4 e6 17. Na3 Rd5 18. Nc4 b5 19. Ne3 b4 20. Bxb4 Rd4 21.
Bd6 Qxd6 22. exd6 Rxe4 23. c4 Rd8 24. c5 Bxb2 25. Rab1 Ba3 26. Rb7 Bxc5 27. Rc7
Rxd6 1-0